000 00290nam a22001337a 4500
008 210224b ||||| |||| 00| 0 eng d
020 _a2900205515515
041 _aeng
080 _a343.9
100 _a13
101 _aKRI
245 _aPolicing Today
_cSchmalleger ,F
942 _2udc
_cBK
999 _c55151
_d55151